000
00310nam a2200133Ia 4500
008
191201s2019 xx 000 0 und d
100
_a
CORBMAN, Bernard P
245
0
_a
Textiles Fiber to Fabric
250
_a
6th
260
_a
N.Delhi
_b
McGraw Hill
300
_a
594
650
_a
B.Tech(TE)
942
_2
ddc
_c
BK
999
_c
2324
_d
2324